Promotion To Premier League - Statistics

General Stats
  • This quiz has been taken 34 times
  • The average score is 23 of 35
Answer Stats
Year Answer % Correct
2005 West Ham United
83%
2012 West Ham United
83%
2018 Fulham
79%
2020 Fulham
79%
2015 Norwich City
79%
2019 Aston Villa
76%
2021 Brentford
76%
2007 Derby County
76%
1994 Leicester City
76%
1996 Leicester City
76%
2011 Swansea City
76%
1999 Watford
76%
2006 Watford
76%
2010 Blackpool
69%
2017 Huddersfield Town
69%
1992 Blackburn Rovers
66%
2009 Burnley
66%
1988 Middlesbrough
66%
2008 Hull City
62%
2016 Hull City
62%
2000 Ipswich Town
62%
2003 Wolverhampton Wanderers
62%
2002 Birmingham City
59%
1995 Bolton Wanderers
59%
2001 Bolton Wanderers
59%
1989 Crystal Palace
59%
1997 Crystal Palace
59%
2004 Crystal Palace
59%
2013 Crystal Palace
59%
2014 QPR
59%
1987 Charlton Athletic
55%
1998 Charlton Athletic
55%
1990 Swindon Town
41%
1993 Swindon Town
41%
1991 Notts County
3%
No matching quizzes found
Score Distribution
Percent of People with Each Score
Percentile by Number Answered
Your Score History
You have not taken this quiz